Регионална библиотека "Любен Каравелов" - Русе

Баладичен час (Запис номер 103749)

MARC детайли
000 -Лидер
Контролно поле с фиксирана дължина 01426nam a2200433 c 4500
003 - Код на организацията, давaща контролен номер
Контролно поле BLK
005 - Дата и час на последна редакция
Контролно поле 20241109005512.0
008 - Елементи от данни с фиксирана дължина
fixed length control field 180409b bul|||||r ||||||| ||bul||
010 ## - Наследен системен номер
LC control number KNG00108828000
040 ## - Източник на каталожния запис
Идентификатор на билиотеката - собственик на записа BLK
041 ## - Код за език
Код за езика на текст/звукозапис или на отделно заглавие Български
Код за езика КДБФ Български
072 #7 - Код за тематичната категория
Код организация bullib
Код за тематична категория К
Текст Краезнание
072 #7 - Код за тематичната категория
Код организация bullib
Код за тематична категория РА
Текст Русенски автори
080 ## - УДК
Текстов определител УДК Българска литература
УДК код - определител по УДК 821.163.2
УДК определител -1
УДК - код + определител 821.163.2-1
100 1# - Редна дума - Автор
Автор Кисьов, Здравко Крумов
Дати, свързани с автора 1937-2015
Автор - информация (биография) Поет. Преводач.
R(LIN) 79339
139 ## - Редно поле
Редна дума Кисьов, Здравко Крумов
Авторски знак Кис - К 60
245 10 - Сведения за заглавието
Заглавие Баладичен час
Подзаглавни данни Стихотворения и поеми
Редно поле (дума) Здравко Крумов Кисьов.
257 ## - Страна на издаване
Страна на създаване/издаване България
260 ## - Област на издателските данни
Място на издаване, разпространение и проч. София
Име на издателя, разпространителя и проч. Профиздат
Година на издаване 1974
Печатница Русе : печ. Дунав
300 ## - Физическа характеристика
Страници 64 с.
Размери/Мащаб 20 см
380 ## - Жанр
Жанр Худож. лит.
500 ## - Общи забележки
Забележка 1 148 тир.
653 ## - Ключова дума – ненормативна
Ключова дума стихотворения
659 ## - Тематичен бюлетин
Тематичен бюлетин К
852 ## - Местоположение
Форматна сигнатура Цб 73339
Фондова буква Хранилище
852 ## - Местоположение
Форматна сигнатура К 821.163.2/К 60-З
856 4# - Електронен адрес и достъп
Електронен формат pdf - файл
856 4# - Електронен адрес и достъп
Електронен формат pdf - файл
999 ## - СИСТЕМНИ КОНТРОЛНИ НОМЕРА
Koha biblionumber 103749
Koha biblioitemnumber 103749
942 ## - АРТИКУЛИ
Вид на библиотечния материал Книги
Скрит в OPAC Не
Периодичен библиозапис Да
944 ## - СЪЗДАВАНЕ И РЕДАКЦИЯ на ЗАПИСА
Създаване/Редакция Създаване
Дата на регистрацията/редакция 10.11.2003
Статус, дата на статуса CRON CRON
Служител, извършил регистрацията/редакцията
944 ## - СЪЗДАВАНЕ И РЕДАКЦИЯ на ЗАПИСА
Създаване/Редакция Редакция
Дата на регистрацията/редакция 21.07.2015
Статус, дата на статуса ф /
Служител, извършил регистрацията/редакцията Людмила_Стоянова
944 ## - СЪЗДАВАНЕ И РЕДАКЦИЯ на ЗАПИСА
Създаване/Редакция Редакция
Дата на регистрацията/редакция 2022-09-08
Служител, извършил регистрацията/редакцията Христина Везирева
999 ## - СИСТЕМНИ КОНТРОЛНИ НОМЕРА
Koha biblioitemnumber 103749
999 ## - СИСТЕМНИ КОНТРОЛНИ НОМЕРА
Koha biblioitemnumber 103749
999 ## - СИСТЕМНИ КОНТРОЛНИ НОМЕРА
Koha biblioitemnumber 103749
999 ## - СИСТЕМНИ КОНТРОЛНИ НОМЕРА
Koha biblioitemnumber 103749
999 ## - СИСТЕМНИ КОНТРОЛНИ НОМЕРА
Koha biblioitemnumber 103749
999 ## - СИСТЕМНИ КОНТРОЛНИ НОМЕРА
Koha biblioitemnumber 103749
Наличности
Код за отписване Код за изгубен артикул Източник на класификационната схема Код за повреда Коз за рестрикции Код за отдаване Артикулен № Име на библиотеката - собственик Име на библиотеката, в която се намира в момента Статус (Текущо местоположение) Дата на вписване в системата Местоположение - отдел Цена в лева Инвентарен номер Систематично азбучна сигнатура Баркод Номер на екземпляра Цена в евро Служебна бележка Служебен тип на артикула Номерация (Хронология)
  Не е изгубен Universal Decimal Classification Не е повреден без рестрикции ползва се в читалня 167466 Регионална библиотека "Любен Каравелов" Русе Регионална библиотека "Любен Каравелов" Русе Краезнание 2003-11-10 Краезнание 2.00 120000679806 К 821.163.2/К 60-З 120000679806 1 1.02 Дост: DA Вид: А N: 26 Дата: 10.11.2003 Дата инв: 16.11.2017 Бележки инв: К2017 Книги  
  Не е изгубен Universal Decimal Classification Не е повреден без рестрикции ползва се в читалня 167467 Регионална библиотека "Любен Каравелов" Русе Регионална библиотека "Любен Каравелов" Русе Краезнание 1974-01-01 Краезнание 0.57 171145 К 821.163.2/К 60-З 120000171145 2 0.29 Дост: Pk Вид: Ф N: стар фонд Дата: 01.01.1974 Дата инв: 14.11.2017 Бележки инв: К2017 Книги  
  Не е изгубен Universal Decimal Classification Не е повреден без рестрикции ползва се в читалня 167468 Регионална библиотека "Любен Каравелов" Русе Регионална библиотека "Любен Каравелов" Русе Краезнание 1974-01-01 Краезнание 0.57 171146 К 821.163.2/К 60-З 120000171146 3 0.29 Дост: Pk Вид: Ф N: стар фонд Дата: 01.01.1974 Дата инв: 16.11.2017 Бележки инв: К2017 Книги  
  Не е изгубен Universal Decimal Classification Не е повреден без рестрикции ползва се в читалня 167469 Регионална библиотека "Любен Каравелов" Русе Регионална библиотека "Любен Каравелов" Русе Краезнание 1974-01-01 Краезнание 0.57 290792 К 821.163.2/К 60-З 120000290792 4 0.29 Дост: Pk Вид: Ф N: стар фонд Дата: 01.01.1974 Дата инв: 14.11.2017 Бележки инв: К2017 Книги Автограф: Здравко Кисьов
Изтеглен Не е изгубен Universal Decimal Classification Не е повреден без рестрикции заемане за дома 167470 Регионална библиотека "Любен Каравелов" Русе Регионална библиотека "Любен Каравелов" Русе Заемна - подръчен фонд 1974-01-01 Заемна - подръчен фонд 0.57 171142 П 886.7-1/К 60 171142 5 0.29 Дост: Pk Вид: Ф N: стар фонд Дата: 01.01.1974 Книги  
Изтеглен Не е изгубен Universal Decimal Classification Не е повреден без рестрикции заемане за дома 167471 Регионална библиотека "Любен Каравелов" Русе Регионална библиотека "Любен Каравелов" Русе Заемна - подръчен фонд 1974-01-01 Заемна - подръчен фонд 0.57 171144 П 886.7-1/К 60 171144 6 0.29 Дост: Pk Вид: Ф N: стар фонд Дата: 01.01.1974 Книги  
  Не е изгубен Universal Decimal Classification Не е повреден само за читалня ползва се в читалня 903739 Регионална библиотека "Любен Каравелов" Русе Регионална библиотека "Любен Каравелов" Русе Хранилище 2022-09-09 Хранилище 0.57 171518 Цб 73339 120000171518   0.29   Книги  
Vip Innovations Ltd, Rousse, Bulgaria 2025